Statistiques concernant Olympique lyonnais - Effectif 2023/2024

Cliquez ici pour prendre le quiz!

Statistiques générales

  • Ce quiz a été pris 378 fois
  • Le résultat moyen est 22 sur 28

Statistiques - réponses

PostePaysJoueur% Correct
GPortugalAnthony Lopes
99%
EntraineurItalieFabio Grosso
95%
DCroatieDejan Lovren
94%
DArgentineNicolás Tagliafico
94%
AFranceAlexandre Lacazette
92%
MFranceMaxence Caqueret
92%
MFranceCorentin Tolisso
90%
AFranceRayan Cherki
90%
DIrlandeJake O'Brien
88%
DCôte d'IvoireSinaly Diomandé
88%
GFranceRémy Riou
87%
AZimbabweTino Kadewere
85%
DAngolaClinton Mata
82%
DCroatieDuje Ćaleta-Car
82%
ABrésilJeffinho
80%
DFranceSaël Kumbedi
78%
AGhanaErnest Nuamah
77%
AGuinée-BissauMama Baldé
75%
MAngleterreAinsley Maitland-Niles
73%
DBrésilHenrique
72%
MFranceJohann Lepenant
72%
APortugalDiego Moreira
69%
MFranceMohamed El Arouch
57%
MCôte d'IvoirePaul Akouokou
56%
DFranceMamadou Sarr
53%
MFranceSkelly Alvero
51%
DMarocAchraf Laâziri
42%
GFranceJustin Bengui
42%

Distribution des résultats

Percentile par nombre de réponses

% des personnes avec chaque résultat

Votre développement - résultats

Vous n’avez pas pris ce quiz